Sportowcy według państw #1 - Statystyki

Ogólne statystyki
  • Ten quiz został rozwiązany 6 365 razy
  • Średni wynik to 14 z 24
Statystyki odpowiedzi
Sportowiec Państwo % Poprawnych
Michael Jordan Stany Zjednoczone
99%
Diego Maradona Argentyna
98%
David Beckham Wielka Brytania
96%
Marija Szarapowa Rosja
91%
Ichiro Suzuki Japonia
90%
Cristiano Ronaldo Portugalia
90%
Usain Bolt Jamajka
86%
Novak Djoković Serbia
82%
Luis Suarez Urugwaj
80%
Sebastian Vettel Niemcy
76%
Rafael Nadal Hiszpania
70%
Björn Borg Szwecja
69%
Yuna Kim Korea Południowa
68%
Teemu Selänne Finlandia
53%
Marta Brazylia
51%
Oksana Bajuł Ukraina
51%
Nadia Comăneci Rumunia
45%
Manny Pacquiao Filipiny
29%
Donald Bradman Australia
24%
Hakeem Olajuwon Nigeria
24%
Haile Gebrselassie Etiopia
22%
Eddy Merckx Belgia
19%
Miguel Cabrera Wenezuela
15%
Gary Player Republika Południowej Afryki
13%
Nie znaleziono quizów pasujących do podanych kryteriów
Rozkład punktacji
Procent ludzi z każdym wynikiem
Percentyl według liczby udzielonych odpowiedzi
Twoja historia wyników
Nie rozwiązałeś tego quizu